| 000 | 00545nam a2200193 a 4500 | ||
|---|---|---|---|
| 005 | 20240803063722.0 | ||
| 008 | 991125s1977 mx 000 0 spa u | ||
| 035 | _aUPN01000003236 | ||
| 049 | _aCE | ||
| 050 | 4 |
_aPN6053 _bC6.2 no.1 |
|
| 100 | 1 |
_aGarcía Lorca, Federico, _d1898-1936 |
|
| 245 | 1 | 0 |
_aAntología poética / _cFederico García Lorca. |
| 260 |
_aMéxico : _bAguilar, _c1977. |
||
| 300 | _a285 p. | ||
| 440 | 0 |
_aCrisol literario ; _v1 |
|
| 500 | _aEdición de lujo de bolsillo | ||
| 650 | 4 |
_aPoesía española _91237 |
|
| 905 | _aLibro | ||
| 999 |
_c3236 _d3236 |
||